[Event "U20 Polish Youth Championship"]
[Site "Ustron"]
[Date "2019.11.25"]
[Round "4"]
[White "Zylka, Stanislaw"]
[Black "Pacan-Milej, Kosma"]
[Result "1/2-1/2"]
[Board "1"]
[WhiteElo "2333"]
[WhiteTitle "FM"]
[WhiteCountry "POL"]
[WhiteFideId "1189654"]
[WhiteEloChange "-1"]
[BlackElo "2315"]
[BlackTitle "FM"]
[BlackCountry "POL"]
[BlackFideId "21800537"]
[BlackEloChange "1"]

1. d4 {[%clk 1:30:57]} f5 {[%clk 1:30:47]} 2. Bg5 {[%clk 1:30:55]} g6 {[%clk
1:30:37]} 3. Nc3 {[%clk 1:29:02]} Bg7 {[%clk 1:21:03]} 4. h4 {[%clk 1:26:35]} h6
{[%clk 1:20:14]} 5. Bf4 {[%clk 1:24:27]} Nf6 {[%clk 1:19:56]} 6. Qd2 {[%clk
1:24:26]} d6 {[%clk 1:15:57]} 7. O-O-O {[%clk 1:23:08]} Nc6 {[%clk 1:09:53]} 8.
d5 {[%clk 1:16:12]} Nb4 {[%clk 1:08:22]} 9. a3 {[%clk 1:12:50]} Na6 {[%clk
1:07:48]} 10. f3 {[%clk 1:11:16]} Nc5 {[%clk 1:03:32]} 11. Nh3 {[%clk 1:02:41]}
c6 {[%clk 0:58:05]} 12. Be3 {[%clk 1:01:22]} Nxd5 {[%clk 0:53:10]} 13. Nxd5
{[%clk 1:01:29]} cxd5 {[%clk 0:53:36]} 14. Nf4 {[%clk 1:00:18]} Qb6 {[%clk
0:44:29]} 15. Qb4 {[%clk 0:58:31]} Qxb4 {[%clk 0:41:29]} 16. axb4 {[%clk
0:58:53]} Na4 {[%clk 0:41:56]} 17. c3 {[%clk 0:58:24]} Kf7 {[%clk 0:41:40]} 18.
Nxd5 {[%clk 0:58:27]} Bd7 {[%clk 0:41:15]} 19. Bd4 {[%clk 0:51:40]} Bxd4 {[%clk
0:33:05]} 20. Rxd4 {[%clk 0:52:02]} Rhc8 {[%clk 0:28:40]} 21. e4 {[%clk 0:50:12]}
e5 {[%clk 0:25:07]} 22. Rd2 {[%clk 0:47:23]} Be6 {[%clk 0:17:17]} 23. Bb5 {[%clk
0:44:37]} Nb6 {[%clk 0:17:44]} 24. Nxb6 {[%clk 0:44:41]} axb6 {[%clk 0:18:11]}
25. Kc2 {[%clk 0:43:56]} Ke7 {[%clk 0:18:04]} 26. Rhd1 {[%clk 0:40:26]} Rd8
{[%clk 0:18:13]} 27. c4 {[%clk 0:38:17]} fxe4 {[%clk 0:15:59]} 28. fxe4 {[%clk
0:38:39]} Bg4 {[%clk 0:16:21]} 29. Rc1 {[%clk 0:33:20]} Rf8 {[%clk 0:16:05]} 30.
Kd3 {[%clk 0:33:28]} Rf4 {[%clk 0:12:22]} 1/2-1/2

[Event "U20 Polish Youth Championship"]
[Site "Ustron"]
[Date "2019.11.25"]
[Round "4"]
[White "Kowalski, Igor"]
[Black "Tomczak, Mikolaj"]
[Result "0-1"]
[Board "2"]
[WhiteElo "2346"]
[WhiteTitle "FM"]
[WhiteCountry "POL"]
[WhiteFideId "1172468"]
[WhiteEloChange "-7"]
[BlackElo "2437"]
[BlackTitle "FM"]
[BlackCountry "POL"]
[BlackFideId "1175114"]
[BlackEloChange "4"]

1. d4 {[%clk 1:30:59]} d5 {[%clk 1:30:56]} 2. Nf3 {[%clk 1:31:25]} c5 {[%clk
1:29:01]} 3. dxc5 {[%clk 1:28:28]} e6 {[%clk 1:29:26]} 4. e3 {[%clk 1:28:34]}
Bxc5 {[%clk 1:29:48]} 5. a3 {[%clk 1:28:31]} Nf6 {[%clk 1:30:01]} 6. Be2 {[%clk
1:27:56]} O-O {[%clk 1:30:20]} 7. O-O {[%clk 1:28:21]} Qe7 {[%clk 1:25:51]} 8. b4
{[%clk 1:21:29]} Bd6 {[%clk 1:25:58]} 9. Bb2 {[%clk 1:21:54]} Rd8 {[%clk
1:19:32]} 10. Nbd2 {[%clk 1:18:38]} a6 {[%clk 1:15:57]} 11. Ne5 {[%clk 1:14:12]}
b5 {[%clk 1:05:43]} 12. f4 {[%clk 1:07:51]} Bb7 {[%clk 0:57:47]} 13. Nb3 {[%clk
1:05:09]} Nc6 {[%clk 0:53:44]} 14. Bd3 {[%clk 0:50:23]} Rac8 {[%clk 0:47:04]} 15.
Rf3 {[%clk 0:40:58]} Ne4 {[%clk 0:44:41]} 16. Rh3 {[%clk 0:39:14]} g6 {[%clk
0:32:51]} 17. Bxe4 {[%clk 0:22:55]} dxe4 {[%clk 0:32:15]} 18. Ng4 {[%clk
0:21:16]} e5 {[%clk 0:29:51]} 19. f5 {[%clk 0:20:54]} Qg5 {[%clk 0:15:15]} 20.
Rg3 {[%clk 0:05:14]} Ne7 {[%clk 0:14:08]} 21. fxg6 {[%clk 0:03:34]} hxg6 {[%clk
0:14:09]} 22. Nf2 {[%clk 0:03:20]} Qf5 {[%clk 0:12:26]} 23. Qe2 {[%clk 0:03:42]}
Bd5 {[%clk 0:12:13]} 24. Na5 {[%clk 0:03:32]} Qe6 {[%clk 0:10:45]} 25. h4 {[%clk
0:02:44]} Nf5 {[%clk 0:08:33]} 26. Rh3 {[%clk 0:03:10]} Ng7 {[%clk 0:07:27]} 27.
Nd1 {[%clk 0:01:16]} f5 {[%clk 0:06:15]} 28. Nc3 {[%clk 0:01:15]} Ba8 {[%clk
0:06:28]} 29. Re1 {[%clk 0:01:41]} Nh5 {[%clk 0:06:37]} 30. g4 {[%clk 0:01:19]}
fxg4 {[%clk 0:06:52]} 31. Rh2 {[%clk 0:01:47]} Rf8 {[%clk 0:06:37]} 32. Nb3
{[%clk 0:02:04]} Rf3 {[%clk 0:05:58]} 33. Nd2 {[%clk 0:02:31]} g3 {[%clk
0:04:38]} 34. Rg2 {[%clk 0:02:56]} Qg4 {[%clk 0:04:07]} 35. Qd1 {[%clk 0:03:21]}
Rcf8 {[%clk 0:02:51]} 36. Ndxe4 {[%clk 0:03:24]} Be7 {[%clk 0:01:37]} 37. Ng5
{[%clk 0:02:18]} Bxg5 {[%clk 0:01:35]} 38. hxg5 {[%clk 0:02:46]} Qh3 {[%clk
0:01:39]} 39. Nd5 {[%clk 0:00:59]} Rf2 {[%clk 0:01:43]} 40. Ne7+ {[%clk 0:30:58]}
Kh7 {[%clk 0:32:06]} 41. Qd3 {[%clk 0:30:25]} 0-1

[Event "U20 Polish Youth Championship"]
[Site "Ustron"]
[Date "2019.11.25"]
[Round "4"]
[White "Teclaf, Pawel"]
[Black "Kokoszczynski, Jan"]
[Result "1/2-1/2"]
[Board "3"]
[WhiteElo "2427"]
[WhiteTitle "IM"]
[WhiteCountry "POL"]
[WhiteFideId "1185934"]
[WhiteEloChange "-2"]
[BlackElo "2264"]
[BlackCountry "POL"]
[BlackFideId "1174460"]
[BlackEloChange "4"]

1. Nf3 {[%clk 1:30:57]} d5 {[%clk 1:30:16]} 2. b3 {[%clk 1:28:51]} c5 {[%clk
1:25:26]} 3. e3 {[%clk 1:27:19]} Nf6 {[%clk 1:24:01]} 4. Bb2 {[%clk 1:22:36]}
Nbd7 {[%clk 1:18:41]} 5. c4 {[%clk 1:15:21]} e6 {[%clk 1:15:32]} 6. cxd5 {[%clk
1:10:41]} exd5 {[%clk 1:11:12]} 7. d4 {[%clk 1:01:53]} Be7 {[%clk 1:10:53]} 8.
Nc3 {[%clk 0:58:44]} O-O {[%clk 1:09:09]} 9. Be2 {[%clk 0:59:08]} Re8 {[%clk
1:01:07]} 10. O-O {[%clk 0:57:55]} a6 {[%clk 1:00:19]} 11. Rc1 {[%clk 0:54:47]}
Bf8 {[%clk 0:59:10]} 12. dxc5 {[%clk 0:43:02]} Nxc5 {[%clk 0:59:28]} 13. Qc2
{[%clk 0:40:17]} Be6 {[%clk 0:50:06]} 14. Ng5 {[%clk 0:35:48]} h6 {[%clk
0:44:30]} 15. Nxe6 {[%clk 0:35:41]} fxe6 {[%clk 0:41:34]} 16. Rfd1 {[%clk
0:34:53]} Rc8 {[%clk 0:41:21]} 17. Qg6 {[%clk 0:33:24]} Qe7 {[%clk 0:40:01]} 18.
Bf3 {[%clk 0:29:11]} Qf7 {[%clk 0:39:03]} 19. Qg3 {[%clk 0:23:16]} Red8 {[%clk
0:38:38]} 20. Qh3 {[%clk 0:21:51]} Be7 {[%clk 0:30:54]} 21. Ne2 {[%clk 0:19:14]}
Nfe4 {[%clk 0:28:42]} 22. Bxe4 {[%clk 0:17:49]} dxe4 {[%clk 0:18:46]} 23. f3
{[%clk 0:11:36]} exf3 {[%clk 0:16:06]} 24. Qxf3 {[%clk 0:11:49]} Qxf3 {[%clk
0:12:17]} 25. gxf3 {[%clk 0:12:17]} Rxd1+ {[%clk 0:11:43]} 26. Rxd1 {[%clk
0:12:47]} Kf7 {[%clk 0:12:04]} 27. Ba3 {[%clk 0:10:23]} Rc7 {[%clk 0:09:40]} 28.
Rc1 {[%clk 0:08:48]} a5 {[%clk 0:09:39]} 29. Kf1 {[%clk 0:07:45]} Na6 {[%clk
0:06:35]} 30. Rxc7 {[%clk 0:07:58]} Nxc7 {[%clk 0:07:03]} 31. Bxe7 {[%clk
0:08:23]} 1/2-1/2

[Event "U20 Polish Youth Championship"]
[Site "Ustron"]
[Date "2019.11.25"]
[Round "4"]
[White "Chylewski, Patryk"]
[Black "Godzwon, Iwo"]
[Result "1/2-1/2"]
[Board "4"]
[WhiteElo "2348"]
[WhiteTitle "FM"]
[WhiteCountry "POL"]
[WhiteFideId "1186191"]
[WhiteEloChange "-2"]
[BlackElo "2275"]
[BlackTitle "FM"]
[BlackCountry "POL"]
[BlackFideId "21802483"]
[BlackEloChange "2"]

1. Nf3 {[%clk 1:30:56]} c5 {[%clk 1:30:56]} 2. c4 {[%clk 1:31:15]} g6 {[%clk
1:31:20]} 3. Nc3 {[%clk 1:30:48]} Bg7 {[%clk 1:31:45]} 4. e3 {[%clk 1:30:12]} Nf6
{[%clk 1:32:11]} 5. d4 {[%clk 1:29:46]} cxd4 {[%clk 1:32:37]} 6. exd4 {[%clk
1:30:01]} d5 {[%clk 1:32:45]} 7. cxd5 {[%clk 1:22:50]} Nxd5 {[%clk 1:30:07]} 8.
Be2 {[%clk 1:21:31]} O-O {[%clk 1:28:50]} 9. O-O {[%clk 1:21:55]} Nc6 {[%clk
1:29:18]} 10. Re1 {[%clk 1:15:47]} Nb6 {[%clk 1:22:31]} 11. Be3 {[%clk 1:12:40]}
Bg4 {[%clk 1:21:48]} 12. h3 {[%clk 1:11:16]} Bxf3 {[%clk 1:22:13]} 13. Bxf3
{[%clk 1:11:41]} Nxd4 {[%clk 1:09:05]} 14. Bxb7 {[%clk 1:06:48]} Rb8 {[%clk
1:09:33]} 15. Ba6 {[%clk 1:06:31]} e5 {[%clk 1:09:21]} 16. Rc1 {[%clk 1:05:42]}
Nd5 {[%clk 1:09:18]} 17. Nxd5 {[%clk 0:59:00]} Qxd5 {[%clk 1:09:39]} 18. Bc4
{[%clk 0:58:25]} Qd6 {[%clk 1:05:35]} 19. b3 {[%clk 0:55:39]} Rfd8 {[%clk
1:01:40]} 20. Bxd4 {[%clk 0:53:57]} exd4 {[%clk 1:01:37]} 21. Qd3 {[%clk
0:44:43]} Rbc8 {[%clk 0:54:42]} 22. Re4 {[%clk 0:41:32]} Bf6 {[%clk 0:54:08]} 23.
Rce1 {[%clk 0:39:30]} Kg7 {[%clk 0:54:32]} 24. Qf3 {[%clk 0:34:51]} Rc7 {[%clk
0:50:03]} 25. Qd3 {[%clk 0:33:42]} Rcc8 {[%clk 0:50:13]} 26. Qf3 {[%clk 0:34:06]}
Rc7 {[%clk 0:50:40]} 27. Qd3 {[%clk 0:34:31]} Rcc8 {[%clk 0:51:07]} 28. Qf3
{[%clk 0:34:55]} Rc7 {[%clk 0:51:33]} 29. Qd3 {[%clk 0:35:21]} Rcc8 {[%clk
0:51:59]} 30. Qf3 {[%clk 0:35:47]} Rc7 {[%clk 0:52:26]} 1/2-1/2

[Event "U20 Polish Youth Championship"]
[Site "Ustron"]
[Date "2019.11.25"]
[Round "4"]
[White "Janik, Igor"]
[Black "Mis, Mieszko"]
[Result "1/2-1/2"]
[Board "5"]
[WhiteElo "2466"]
[WhiteTitle "IM"]
[WhiteCountry "POL"]
[WhiteFideId "1159259"]
[WhiteEloChange "-2"]
[BlackElo "2328"]
[BlackTitle "FM"]
[BlackCountry "POL"]
[BlackFideId "1196448"]
[BlackEloChange "4"]

1. e4 {[%clk 1:30:59]} c6 {[%clk 1:30:15]} 2. d4 {[%clk 1:30:42]} d5 {[%clk
1:30:41]} 3. e5 {[%clk 1:30:15]} Bf5 {[%clk 1:31:05]} 4. Nd2 {[%clk 1:29:59]} e6
{[%clk 1:29:55]} 5. Nb3 {[%clk 1:29:56]} Nd7 {[%clk 1:27:57]} 6. Nf3 {[%clk
1:30:09]} c5 {[%clk 1:24:35]} 7. dxc5 {[%clk 1:30:06]} Bxc5 {[%clk 1:25:00]} 8.
Nxc5 {[%clk 1:27:01]} Nxc5 {[%clk 1:25:10]} 9. Nd4 {[%clk 1:25:49]} Ne7 {[%clk
1:22:32]} 10. Bb5+ {[%clk 1:25:55]} Nd7 {[%clk 1:22:52]} 11. Bg5 {[%clk 1:26:10]}
Bg6 {[%clk 1:18:19]} 12. h4 {[%clk 1:21:13]} h6 {[%clk 1:13:39]} 13. Bxe7 {[%clk
1:21:06]} Qxe7 {[%clk 1:14:02]} 14. h5 {[%clk 1:21:12]} Be4 {[%clk 1:10:23]} 15.
f3 {[%clk 1:18:04]} Bh7 {[%clk 1:10:29]} 16. O-O {[%clk 1:18:05]} Rd8 {[%clk
1:05:33]} 17. Bxd7+ {[%clk 1:12:01]} Rxd7 {[%clk 1:04:15]} 18. g4 {[%clk
1:05:53]} O-O {[%clk 1:02:44]} 19. Qd2 {[%clk 1:02:58]} Rc7 {[%clk 0:55:28]} 20.
Rf2 {[%clk 1:01:26]} f5 {[%clk 0:43:53]} 21. Rg2 {[%clk 0:54:38]} fxg4 {[%clk
0:40:42]} 22. Rxg4 {[%clk 0:54:51]} Bf5 {[%clk 0:38:10]} 23. Rg3 {[%clk 0:55:01]}
Kh8 {[%clk 0:35:35]} 24. Kg2 {[%clk 0:47:02]} Qe8 {[%clk 0:33:57]} 25. Rh1 {[%clk
0:47:03]} Qe7 {[%clk 0:31:33]} 26. c3 {[%clk 0:45:13]} a6 {[%clk 0:30:47]} 27. a3
{[%clk 0:44:40]} Rc4 {[%clk 0:29:52]} 28. Kf2 {[%clk 0:42:24]} Qe8 {[%clk
0:22:29]} 29. Qf4 {[%clk 0:34:39]} b5 {[%clk 0:20:33]} 30. Rhg1 {[%clk 0:32:21]}
Rc7 {[%clk 0:19:56]} 31. Qh4 {[%clk 0:27:11]} a5 {[%clk 0:18:21]} 32. Kg2 {[%clk
0:24:58]} Rb7 {[%clk 0:16:47]} 33. Nb3 {[%clk 0:24:00]} Qa8 {[%clk 0:14:46]} 34.
Kh2 {[%clk 0:17:31]} Qa7 {[%clk 0:08:34]} 35. Qf4 {[%clk 0:14:55]} Rbf7 {[%clk
0:06:32]} 36. Nd4 {[%clk 0:14:23]} Qb8 {[%clk 0:06:24]} 37. Qe3 {[%clk 0:12:18]}
Qe8 {[%clk 0:05:01]} 38. Ne2 {[%clk 0:08:01]} Bh7 {[%clk 0:04:00]} 39. Nd4 {[%clk
0:07:41]} Rb7 {[%clk 0:02:37]} 40. Rh3 {[%clk 0:38:00]} b4 {[%clk 0:32:13]} 41.
axb4 {[%clk 0:32:54]} axb4 {[%clk 0:32:12]} 42. cxb4 {[%clk 0:33:06]} Rxb4 {[%clk
0:31:05]} 43. b3 {[%clk 0:33:35]} Rb7 {[%clk 0:27:49]} 44. Ra1 {[%clk 0:32:12]}
Bf5 {[%clk 0:24:56]} 1/2-1/2

[Event "U20 Polish Youth Championship"]
[Site "Ustron"]
[Date "2019.11.25"]
[Round "4"]
[White "Fus, Jakub"]
[Black "Sernecki, Franciszek"]
[Result "1-0"]
[Board "6"]
[WhiteElo "2363"]
[WhiteTitle "FM"]
[WhiteCountry "POL"]
[WhiteFideId "1193023"]
[WhiteEloChange "8"]
[BlackElo "2285"]
[BlackCountry "POL"]
[BlackFideId "1169297"]
[BlackEloChange "-8"]

1. d4 {[%clk 1:30:54]} Nf6 {[%clk 1:30:18]} 2. c4 {[%clk 1:31:01]} e6 {[%clk
1:30:44]} 3. Nf3 {[%clk 1:30:52]} d5 {[%clk 1:30:49]} 4. g3 {[%clk 1:29:11]} dxc4
{[%clk 1:30:34]} 5. Qa4+ {[%clk 1:28:59]} Nbd7 {[%clk 1:18:15]} 6. Bg2 {[%clk
1:28:47]} Be7 {[%clk 1:09:15]} 7. Qxc4 {[%clk 1:28:13]} O-O {[%clk 1:08:31]} 8.
O-O {[%clk 1:27:47]} c5 {[%clk 1:04:37]} 9. Rd1 {[%clk 1:13:45]} a6 {[%clk
0:49:36]} 10. Qc2 {[%clk 1:11:31]} Nd5 {[%clk 0:47:19]} 11. e4 {[%clk 1:10:04]}
Nb4 {[%clk 0:46:37]} 12. Qe2 {[%clk 1:08:52]} cxd4 {[%clk 0:43:06]} 13. Nxd4
{[%clk 1:08:14]} Bf6 {[%clk 0:38:12]} 14. Be3 {[%clk 1:03:50]} Qe7 {[%clk
0:34:04]} 15. Nc3 {[%clk 1:01:38]} Bxd4 {[%clk 0:30:58]} 16. Bxd4 {[%clk
1:01:30]} Nc6 {[%clk 0:30:18]} 17. Be3 {[%clk 0:53:29]} b5 {[%clk 0:27:54]} 18.
Nd5 {[%clk 0:24:53]} Qd8 {[%clk 0:17:39]} 19. Nb6 {[%clk 0:24:58]} Rb8 {[%clk
0:17:48]} 20. Nxd7 {[%clk 0:24:12]} Bxd7 {[%clk 0:18:08]} 21. Qd2 {[%clk
0:22:32]} Rb7 {[%clk 0:15:19]} 22. Rac1 {[%clk 0:15:14]} Ne5 {[%clk 0:08:58]} 23.
Bc5 {[%clk 0:11:40]} Re8 {[%clk 0:08:11]} 24. b3 {[%clk 0:12:01]} Qc8 {[%clk
0:04:05]} 25. Bd6 {[%clk 0:10:53]} Nc6 {[%clk 0:04:31]} 26. e5 {[%clk 0:11:19]}
Rd8 {[%clk 0:03:15]} 27. Rc5 {[%clk 0:08:22]} Rb6 {[%clk 0:02:33]} 28. Be7 {[%clk
0:07:18]} 1-0

[Event "U20 Polish Youth Championship"]
[Site "Ustron"]
[Date "2019.11.25"]
[Round "4"]
[White "Koziol, Kamil"]
[Black "Szpar, Milosz"]
[Result "1/2-1/2"]
[Board "7"]
[WhiteElo "2289"]
[WhiteTitle "FM"]
[WhiteCountry "POL"]
[WhiteFideId "1161555"]
[BlackElo "2291"]
[BlackTitle "FM"]
[BlackCountry "POL"]
[BlackFideId "1184989"]

1. e4 {[%clk 1:26:36]} g6 {[%clk 1:30:35]} 2. d4 {[%clk 1:26:53]} Bg7 {[%clk
1:30:58]} 3. Nc3 {[%clk 1:26:27]} a6 {[%clk 1:29:42]} 4. Be3 {[%clk 1:25:25]} d6
{[%clk 1:28:44]} 5. h4 {[%clk 1:22:03]} h5 {[%clk 1:26:08]} 6. Qd2 {[%clk
1:22:00]} b5 {[%clk 1:25:55]} 7. O-O-O {[%clk 1:19:31]} c6 {[%clk 1:24:01]} 8.
Nh3 {[%clk 1:09:21]} Bxh3 {[%clk 1:23:27]} 9. Rxh3 {[%clk 1:08:04]} Nd7 {[%clk
1:17:48]} 10. f3 {[%clk 1:02:35]} Ngf6 {[%clk 1:14:47]} 11. Kb1 {[%clk 1:00:20]}
Qc7 {[%clk 1:10:56]} 12. Be2 {[%clk 0:43:19]} Rb8 {[%clk 1:09:08]} 13. Rg1 {[%clk
0:41:08]} c5 {[%clk 1:02:24]} 14. g4 {[%clk 0:35:38]} b4 {[%clk 0:56:41]} 15. Nd5
{[%clk 0:32:11]} Nxd5 {[%clk 0:55:39]} 16. exd5 {[%clk 0:32:07]} Nb6 {[%clk
0:53:09]} 17. gxh5 {[%clk 0:25:32]} Rxh5 {[%clk 0:43:50]} 18. f4 {[%clk 0:20:25]}
Rxd5 {[%clk 0:38:18]} 19. h5 {[%clk 0:17:08]} cxd4 {[%clk 0:35:06]} 20. hxg6
{[%clk 0:12:09]} dxe3 {[%clk 0:29:30]} 21. gxf7+ {[%clk 0:12:30]} Kxf7 {[%clk
0:25:25]} 22. Qxe3 {[%clk 0:11:47]} Rg8 {[%clk 0:20:29]} 23. Bg4 {[%clk 0:07:26]}
e5 {[%clk 0:19:00]} 24. Qe4 {[%clk 0:07:55]} Qe7 {[%clk 0:17:03]} 25. Bh5+ {[%clk
0:05:43]} Kf8 {[%clk 0:10:13]} 26. Rf1 {[%clk 0:00:56]} Bf6 {[%clk 0:08:17]} 27.
Qxb4 {[%clk 0:00:36]} Rb5 {[%clk 0:07:36]} 28. Qe4 {[%clk 0:00:38]} exf4 {[%clk
0:05:31]} 29. Qxf4 {[%clk 0:00:53]} Nd5 {[%clk 0:04:44]} 30. Qc4 {[%clk 0:00:42]}
Rxb2+ {[%clk 0:03:56]} 31. Kc1 {[%clk 0:01:02]} Qb7 {[%clk 0:03:04]} 32. Rb3
{[%clk 0:00:44]} Rxb3 {[%clk 0:02:33]} 33. axb3 {[%clk 0:01:12]} Rg5 {[%clk
0:02:15]} 34. Bf3 {[%clk 0:01:38]} Kf7 {[%clk 0:01:11]} 35. Rd1 {[%clk 0:01:20]}
Ke6 {[%clk 0:01:27]} 36. Rxd5 {[%clk 0:00:43]} Rxd5 {[%clk 0:01:19]} 37. Qe4+
{[%clk 0:01:04]} Kd7 {[%clk 0:00:37]} 38. Qxd5 {[%clk 0:01:18]} Qxd5 {[%clk
0:01:02]} 39. Bxd5 {[%clk 0:01:44]} 1/2-1/2

[Event "U20 Polish Youth Championship"]
[Site "Ustron"]
[Date "2019.11.25"]
[Round "4"]
[White "Oglaza, Oskar"]
[Black "Niedbala, Bartlomiej"]
[Result "1/2-1/2"]
[Board "8"]
[WhiteElo "2360"]
[WhiteTitle "FM"]
[WhiteCountry "POL"]
[WhiteFideId "1194402"]
[WhiteEloChange "-3"]
[BlackElo "2239"]
[BlackCountry "POL"]
[BlackFideId "21834008"]
[BlackEloChange "3"]

1. e4 {[%clk 1:30:47]} c5 {[%clk 1:27:04]} 2. Nf3 {[%clk 1:31:08]} g6 {[%clk
1:25:03]} 3. d4 {[%clk 1:31:32]} cxd4 {[%clk 1:25:31]} 4. Nxd4 {[%clk 1:31:55]}
Nf6 {[%clk 1:25:58]} 5. Nc3 {[%clk 1:32:07]} d6 {[%clk 1:26:25]} 6. Be3 {[%clk
1:32:33]} Bg7 {[%clk 1:26:52]} 7. f3 {[%clk 1:32:58]} O-O {[%clk 1:27:19]} 8. Qd2
{[%clk 1:33:53]} Nc6 {[%clk 1:28:17]} 9. Bc4 {[%clk 1:34:15]} Bd7 {[%clk
1:28:45]} 10. O-O-O {[%clk 1:34:38]} Rb8 {[%clk 1:28:48]} 11. Bb3 {[%clk
1:34:52]} Na5 {[%clk 1:29:11]} 12. g4 {[%clk 1:34:36]} b5 {[%clk 1:29:36]} 13.
Kb1 {[%clk 1:35:03]} Nc4 {[%clk 1:30:03]} 14. Bxc4 {[%clk 1:35:30]} bxc4 {[%clk
1:30:31]} 15. Bg5 {[%clk 1:33:01]} Re8 {[%clk 1:15:49]} 16. h4 {[%clk 1:32:09]}
Qb6 {[%clk 1:11:42]} 17. b3 {[%clk 1:32:33]} cxb3 {[%clk 1:12:09]} 18. cxb3
{[%clk 1:32:57]} a5 {[%clk 0:56:34]} 19. Bxf6 {[%clk 1:21:22]} Bxf6 {[%clk
0:52:55]} 20. Nd5 {[%clk 1:21:42]} Qxd4 {[%clk 0:40:45]} 21. Qxd4 {[%clk
1:22:05]} Bxd4 {[%clk 0:41:12]} 22. Rxd4 {[%clk 1:22:29]} Be6 {[%clk 0:29:10]}
23. Nc7 {[%clk 1:19:58]} Rec8 {[%clk 0:29:06]} 24. Rc1 {[%clk 1:20:23]} Bxb3
{[%clk 0:23:38]} 25. axb3 {[%clk 1:20:39]} Rxb3+ {[%clk 0:24:05]} 26. Ka2 {[%clk
1:21:05]} Rxf3 {[%clk 0:24:31]} 27. g5 {[%clk 1:14:34]} h6 {[%clk 0:18:47]} 28.
Rdc4 {[%clk 1:12:58]} hxg5 {[%clk 0:17:05]} 29. hxg5 {[%clk 1:13:25]} Rg3 {[%clk
0:16:40]} 30. Nd5 {[%clk 1:13:48]} Rxc4 {[%clk 0:16:58]} 31. Rxc4 {[%clk
1:14:16]} Rxg5 {[%clk 0:16:20]} 1/2-1/2

[Event "U20 Polish Youth Championship"]
[Site "Ustron"]
[Date "2019.11.25"]
[Round "4"]
[White "Adamczewski, Maciej"]
[Black "Kozak, Antoni"]
[Result "1/2-1/2"]
[Board "9"]
[WhiteElo "2095"]
[WhiteCountry "POL"]
[WhiteFideId "1148702"]
[WhiteEloChange "6"]
[BlackElo "2350"]
[BlackCountry "POL"]
[BlackFideId "21832030"]
[BlackEloChange "-6"]

1. d4 {[%clk 1:30:30]} d6 {[%clk 1:30:54]} 2. c4 {[%clk 1:30:24]} e5 {[%clk
1:30:54]} 3. Nc3 {[%clk 1:29:58]} exd4 {[%clk 1:30:54]} 4. Qxd4 {[%clk 1:29:58]}
Nc6 {[%clk 1:30:54]} 5. Qd2 {[%clk 1:29:52]} Nf6 {[%clk 1:30:54]} 6. e3 {[%clk
1:27:28]} Be6 {[%clk 1:28:56]} 7. Nf3 {[%clk 1:21:30]} Ne5 {[%clk 1:28:35]} 8.
Nxe5 {[%clk 1:03:37]} dxe5 {[%clk 1:28:35]} 9. Qc2 {[%clk 1:03:21]} c6 {[%clk
1:24:27]} 10. Be2 {[%clk 1:00:25]} Be7 {[%clk 1:24:47]} 11. Bd2 {[%clk 1:00:19]}
Nd7 {[%clk 1:17:23]} 12. Ne4 {[%clk 0:54:48]} f5 {[%clk 1:12:38]} 13. Ng3 {[%clk
0:55:08]} g6 {[%clk 1:11:30]} 14. Bc3 {[%clk 0:54:41]} h5 {[%clk 1:09:30]} 15. h3
{[%clk 0:52:36]} a5 {[%clk 1:03:44]} 16. Rd1 {[%clk 0:44:40]} Qc7 {[%clk
1:00:32]} 17. Nf1 {[%clk 0:42:41]} Bf6 {[%clk 0:56:03]} 18. Nh2 {[%clk 0:39:03]}
Ke7 {[%clk 0:56:12]} 19. Nf3 {[%clk 0:38:57]} h4 {[%clk 0:42:45]} 20. b3 {[%clk
0:36:00]} c5 {[%clk 0:43:10]} 21. Qb2 {[%clk 0:34:57]} Rhf8 {[%clk 0:30:51]} 22.
Rxd7+ {[%clk 0:28:31]} Bxd7 {[%clk 0:31:10]} 23. Nxe5 {[%clk 0:28:40]} Be8 {[%clk
0:31:10]} 24. Bf3 {[%clk 0:26:19]} Ra6 {[%clk 0:31:25]} 25. Bd5 {[%clk 0:26:12]}
Rd6 {[%clk 0:31:25]} 26. O-O {[%clk 0:24:37]} b5 {[%clk 0:31:45]} 27. Nd3 {[%clk
0:22:52]} Bf7 {[%clk 0:24:36]} 28. Be5 {[%clk 0:19:59]} Bxd5 {[%clk 0:24:55]} 29.
cxd5 {[%clk 0:19:47]} Rxd5 {[%clk 0:22:54]} 30. Bxc7 {[%clk 0:18:49]} Bxb2 {[%clk
0:22:54]} 31. Nxb2 {[%clk 0:18:49]} Rd2 {[%clk 0:21:29]} 32. Rb1 {[%clk 0:18:32]}
Rc2 {[%clk 0:19:43]} 33. a4 {[%clk 0:15:39]} c4 {[%clk 0:19:42]} 34. axb5 {[%clk
0:14:25]} cxb3 {[%clk 0:18:07]} 35. Bxa5 {[%clk 0:14:44]} Ra8 {[%clk 0:18:07]}
36. Bb4+ {[%clk 0:14:43]} Ke6 {[%clk 0:18:07]} 37. Nd3 {[%clk 0:14:42]} Kd5
{[%clk 0:18:07]} 38. Rxb3 {[%clk 0:10:41]} Kc4 {[%clk 0:17:50]} 39. b6 {[%clk
0:09:21]} Kxb3 {[%clk 0:15:44]} 40. Bd6 {[%clk 0:09:25]} Kc3 {[%clk 0:13:02]} 41.
b7 {[%clk 0:04:36]} Re8 {[%clk 0:13:21]} 42. Ne5 {[%clk 0:02:35]} Rb2 {[%clk
0:13:14]} 43. b8Q {[%clk 0:01:31]} Rexb8 {[%clk 0:13:14]} 44. Bxb8 {[%clk
0:01:31]} Rxb8 {[%clk 0:13:14]} 45. Nxg6 {[%clk 0:01:51]} Rb1+ {[%clk 0:13:29]}
46. Kh2 {[%clk 0:02:16]} Rf1 {[%clk 0:13:29]} 47. f3 Kd3 {[%clk 0:13:48]} 48.
Nxh4 Kxe3 {[%clk 0:14:13]} 49. Nxf5+ Kf2 {[%clk 0:14:07]} 50. Ng3 Rg1 {[%clk
0:14:07]} 51. Ne4+ Kf1 {[%clk 0:14:07]} 52. Ng3+ Kf2 {[%clk 0:14:07]} 53. Ne4+
1/2-1/2